000 00780nam a2200205 i 4500
001 151042
003 ES-MaACL
005 20251005063118.0
007 t|
008 071203s1888 gw ||||1| ger d
100 1 _aAriosto, Lodovico,
_d1474-1533
_922846
245 1 0 _aRasender Roland /
_cLodovico Ariosto ; Deutsch von J. D. Gries ; don neuem durchgesehen und eingeleitet von Otto F. Lachmann.
260 _aLeipzig :
_bDruck unb Verlag von Fhilipp Reclam jun.,
_c[1888?]
300 _a2 v. ;
_c15 cm.
500 _aFecha de Gesamtverzeichnis des deutschsprachigen Schrifttums, vol. 5, pág. 479: [1888]
700 1 _aGries, Johann Diederich.
_959987
700 1 _aLachmann, Otto F.
_969366
852 _aES-MaACL
_jA-5145-46
_bR.17076
999 _c151042
_d151042